Joan Fuster: història i memòria /
ISBN:
9788418986123
Descripción Física:
275 pàgines ; 25 cm
Colección:
Col·lecció "Referents"
; 19
Otros Autores:
Martí Monterde, Antoni, 1968-
,
Martí Monterde, Antoni, 1968-
,
Martín i Berbois, Josep Lluís
,
Martín i Berbois, Josep Lluís
,
Sòria, Enric, 1958-
Materias:
Fuster, Joan, -- 1922-1992 -- Crítica i interpretació -- Congressos.
; Fuster, Joan, -- 1922-1992.
; Escriptors catalans -- País Valencià -- Crítica i interpretació -- Congressos.
; Escriptors catalans
; Crítica literària
; País Valencià
; Congressos
Idioma:
Catalán
MARC
| LEADER | 00000cam a22000008i 4500 | ||
|---|---|---|---|
| 001 | 27721 | ||
| 003 | Arxiu | ||
| 005 | 20260324181513.0 | ||
| 008 | 230111e202302 spc f b|||o1|0 0bcat|c | ||
| 017 | |a DL B 2188-2023 |b Biblioteca de Catalunya | ||
| 020 | |a 9788418986123 | ||
| 040 | |a ES-BaBC |b cat |e rda |c ES-BaBC | ||
| 080 | |a 821.134.1Fuster, Joan.09 |x (063) |2 2004 | ||
| 111 | 2 | |a Jornada Joan Fuster: Història i Memòria |d (2022 : |c Barcelona, Catalunya) |j autor | |
| 245 | 1 | 0 | |a Joan Fuster: història i memòria / |c edició a cura de : Antoni Martí Monterde i Josep Lluís Martín i Berbois (eds.) ; autors : Enric Sòria [i deu més] |
| 250 | |a Primera edició | ||
| 264 | 1 | |a Barcelona : |b Departament de Justícia, Drets i Memòria : |b Memorial Democràtic , |c març de 2023 | |
| 300 | |a 275 pàgines ; |c 25 cm | ||
| 336 | |a text |b txt |2 rdacontent | ||
| 337 | |a sense mediació |b n |2 rdamedia | ||
| 338 | |a volum |b nc |2 rdacarrier | ||
| 490 | 1 | |a Col·lecció "Referents" ; |v 19 | |
| 504 | |a Referències bibliogràfiques | ||
| 600 | 1 | 7 | |a Fuster, Joan, |d 1922-1992 |x Crítica i interpretació |v Congressos. |2 lemac |
| 600 | 1 | 7 | |a Fuster, Joan, |d 1922-1992. |2 cantic |
| 650 | 7 | |a Escriptors catalans |z País Valencià |x Crítica i interpretació |v Congressos. |2 lemac | |
| 650 | 7 | |a Escriptors catalans |2 thub |9 42980 | |
| 650 | 7 | |a Crítica literària |2 thub | |
| 651 | 7 | |a País Valencià |2 thub | |
| 655 | 7 | |a Congressos |2 thub | |
| 700 | 1 | |a Martí Monterde, Antoni, |d 1968- |e editor literari, |e contribuïdor | |
| 700 | 1 | |a Martín i Berbois, Josep Lluís, |e editor literari, |e contribuïdor |9 53896 | |
| 700 | 1 | |a Sòria, Enric, |d 1958- |e contribuïdor | |
| 710 | 1 | |a Catalunya. |b Departament de Justícia, Drets i Memòria, |e entitat editora | |
| 710 | 2 | |a Memorial Democràtic (Catalunya), |e entitat editora |9 52410 | |
| 830 | 0 | |a Col·lecció "Referents" ; |v 19 | |
| 908 | |a BC |a CHCC |a BAB |a BMON |a BPC |a ANC |a UAB |a UB |a UPF | ||
| 940 | |a BC | ||
| 942 | |2 udc |c ARXIU |n 1 | ||
| 952 | |0 0 |1 0 |2 udc |4 0 |6 BIB1060 |7 1 |9 66116 |a Arxiu |b Arxiu |d 2023-04-17 |l 0 |o Bib-1060 |p 27721 |r 2023-04-17 00:00:00 |w 2023-04-17 |y ARXIU | ||
| 999 | |c 83354 |d 83354 | ||